Gaming Quiz

Random Gaming or Nintendo Quiz
Score 0/18 Timer 04:00
10 Plays Today
Type Pokémon % Correct
DarkNone
100%
FireCharmander
89.7%
ElectricPikachu
88.8%
WaterSquirtle
88.3%
GrassBulbasaur
87.8%
PoisonBulbasaur
87.8%
NormalPidgey
80.8%
BugCaterpie
77%
RockGeodude
76.6%
Type Pokémon % Correct
GhostGastly
71.9%
DragonDratini
71.2%
PsychicAbra
70.7%
FairyClefairy
68.6%
FlyingCharizard
63.8%
FightingMankey
58.9%
SteelMagnemite
57.4%
GroundSandshrew
57.1%
IceDewgong
48.5%
Remove Ads.
Support Sporcle.
Get the best of Sporcle when you Go Orange. This ad-free experience offers more features, more stats, and more fun while also helping to support Sporcle. Thank you for becoming a member.

You're not logged in!

Compare scores with friends on all Sporcle quizzes.
OR
Log In

Sporcle TV

Today on Sporcle TV


Watch our educational content, quiz creation guides, and fun videos on Sporcle TV.

Show Comments

Extras

Top Quizzes Today


Score Distribution

Paid Content

Your Account Isn't Verified!

In order to create a playlist on Sporcle, you need to verify the email address you used during registration. Go to your Sporcle Settings to finish the process.

Report this User

Report this user for behavior that violates our Community Guidelines.

Details: